| 000 | 00564nam a2200181 i 4500 | ||
|---|---|---|---|
| 001 | 129816 | ||
| 003 | ES-MaACL | ||
| 005 | 20230906193602.0 | ||
| 007 | t| | ||
| 008 | 070706s1972 sp ||||1| spa d | ||
| 245 | 0 | 0 |
_aZubía / _cCarlos Rivera Muñoz, Diego Pelèz López, José Ramírez Muñoz. |
| 260 |
_aSevilla : _bEd. Católica Española, _c1972. |
||
| 300 |
_a56 p. ; _c21 cm. |
||
| 700 | 1 |
_aRivera Ortiz, Carlos. _997662 |
|
| 700 | 1 |
_aPeláez López, Diego. _9130959 |
|
| 700 | 1 |
_aRamírez Muñoz, José. _995162 |
|
| 852 |
_aES-MaACL _jC-48939 _bR.84708 |
||
| 999 |
_c129816 _d129816 |
||